Calidad de vida (Registro nro. 4077)
[ vista simple ]
| 000 -LEADER | |
|---|---|
| fixed length control field | 01475 a2200241 4500 |
| 001 - CONTROL NUMBER | |
| control field | 45948 |
| 005 - DATE AND TIME OF LATEST TRANSACTION | |
| control field | 20260407155732.0 |
| 008 - FIXED-LENGTH DATA ELEMENTS--GENERAL INFORMATION | |
| fixed length control field | 260407a2008 arg spa d |
| 003 - CONTROL NUMBER IDENTIFIER | |
| control field | AR-UNSa-BCEJYS |
| 040 ## - CATALOGING SOURCE | |
| Original cataloging agency | AR-UNSa-BCEJYS |
| Language of cataloging | spa |
| Transcribing agency | AR-UNSa-BCEJYS |
| 080 ## - UNIVERSAL DECIMAL CLASSIFICATION NUMBER | |
| Universal Decimal Classification number | 316.728 |
| Common auxiliary subdivision | Estilo de vida. Sociología de la vida cotidiana |
| 020 ## - INTERNATIONAL STANDARD BOOK NUMBER | |
| International Standard Book Number | 978-1-59782-083-7 |
| 041 ## - LANGUAGE CODE | |
| Language code of text/sound track or separate title | spa |
| 100 1# - MAIN ENTRY--PERSONAL NAME | |
| Personal name | Banco Interamericano de Desarrollo (BID) |
| 245 10 - TITLE STATEMENT | |
| Title | Calidad de vida |
| Name of part/section of a work | más allá de los hechos |
| 264 #1 - PRODUCTION, PUBLICATION, DISTRIBUTION, MANUFACTURE, AND COPYRIGHT NOTICE | |
| Place of production, publication, distribution, manufacture | Washington : |
| Name of producer, publisher, distributor, manufacturer | Banco Interamericano de Desarrollo |
| Date of production, publication, distribution, manufacture, or copyright notice | 2008 |
| 300 ## - PHYSICAL DESCRIPTION | |
| Extent | 290 p. |
| Dimensions | 23 cm. |
| 505 ## - FORMATTED CONTENTS NOTE | |
| Formatted contents note | Parte I: Preparativos para la función: 1. Calidad de vida desde otro ángulo – 2. La personalidad de las percepciones sobre la calidad de vida – 3. La conflictiva relación entre el ingreso y la satisfacción – 4. La satisfacción más allá del ingreso - - Parte II: Hechos y opiniones en escena: 5. Tomando el pulso de la calidad de la salud – 6. Lecciones sobre las percepciones y la calidad de la educación – 7. La calidad del trabajo: una cuestión de enfoque – 8. Calidad de vida urbana: más que ladrillos y cemento - - Parte III: Acto final: 9. ¿Es la gente la que elige? La importancia de las opiniones en el proceso de formulación de políticas. |
| 590 ## - LOCAL NOTE (RLIN) | |
| Local note | niveau_biblio:m niveau_hierar:0 |
| 700 1# - ADDED ENTRY--PERSONAL NAME | |
| Personal name | Lora, Eduardo |
| 856 41 - ELECTRONIC LOCATION AND ACCESS | |
| Uniform Resource Identifier | <a href="https://www.biblioeco.unsa.edu.ar/pmb/images/libros/L127235.jpg">https://www.biblioeco.unsa.edu.ar/pmb/images/libros/L127235.jpg</a> |
| Link text | Imagen de portada |
| Electronic format type | image/jpeg |
| 942 ## - ADDED ENTRY ELEMENTS (KOHA) | |
| Koha item type | |
| Withdrawn status | Lost status | Damaged status | Not for loan | Home library | Current library | Shelving location | Date acquired | Total checkouts | Full call number | Barcode | Date last seen | Price effective from | Koha item type |
|---|---|---|---|---|---|---|---|---|---|---|---|---|---|
| Biblioteca Prof. Eusebio Cleto del Rey | Biblioteca Prof. Eusebio Cleto del Rey | 07/04/2026 | 316.728 L865 | L127235 | 07/04/2026 | 07/04/2026 | Libro |